Nuestra América : chicanos y latinos en Estados Unidos : una reinterpretación sociohistórica /

Gespeichert in:
Bibliographische Detailangaben
1. Verfasser: Ramírez Morales, Axel (autor)
Format: Buch
Sprache:Spanisch
Veröffentlicht: México : UNAM, Centro de Investigaciones sobre América Latina y el Caribe, 2008, c2008
Schriftenreihe:(Política, Economía y Sociedad en América Latina y el Caribe ; 3)
Schlagworte:
Tags: Tag hinzufügen
Keine Tags, Fügen Sie das erste Tag hinzu!

MARC

LEADER 00000nam^a2200000^a^4500
001 000297132
005 20250521000000.0
008 100219 20082008
009 20260310112330.655
020 |a 978-607-2-00219-7 
020 |a 970-32-3582-4 
037 |a Acervo ITESO - Biblioteca 
041 |a ESP 
082 |a 304. 873072  |b RAM 
100 |a Ramírez Morales, Axel  |e (autor) 
245 1 0 |a Nuestra América :  |b chicanos y latinos en Estados Unidos : una reinterpretación sociohistórica /  |c A. Ramírez Morales. 
264 4 |a México :  |b UNAM, Centro de Investigaciones sobre América Latina y el Caribe,  |c 2008, c2008 
300 |a 328 p. 
336 |a texto  |b txt  |2 rdacontenido 
337 |a sin mediación  |b n  |2 rdamedio 
338 |a volumen  |b nc  |2 rdasoporte 
440 1 |a (Política, Economía y Sociedad en América Latina y el Caribe ;  |v 3) 
649 |a XX 
650 |a Latinos en EUA -  |x Tema Principal 
650 |a Chicanos -  |x Tema Principal 
650 |a Chicanos -  |x Historia 
650 |a Chicanos -  |x Condiciones Sociales y Culturales 
650 |a Migración -  |z México-EUA 
650 |a Migración -  |z EUA-Latinoamérica 
650 |a Diversidad Cultural -  |z EUA 
650 |a Identidad Cultural -  |z EUA 
650 |a Racismo -  |z EUA 
650 |a Segregación -  |z EUA 
650 |a Discriminación -  |z EUA 
650 |a Aculturación -  |z EUA 
650 |a Integración Social -  |z EUA 
650 |a Movimientos Políticos -  |z EUA 
650 |a Movimientos Sociales -  |z EUA 
650 |a Política Migratoria -  |z EUA 
650 |a Antropología Cultural 
650 |a EUA -  |x Condiciones Sociales y Culturales 
910 |a Fondo General 
920 |a Impresos - Libros 
930 |a Colección General 
905 |a 101 
901 |a 0500183018  |b IT1  |c ACC  |d EG  |i C122620  |u 20250521 
902 |a https://opac.biblio.iteso.mx/vufind/Record/000297132